Ciencias naturales 8 /

Guardado en:
Autor Principal: Berler, Valeria
Otros Autores: Consoni, Silvia, Landi, Cristina, Lerena, Marisa
Formato: Libro
Publicado: Buenos Aires : Estrada, 2004
Series:Entender
Materias:
Etiquetas: Agregar Etiqueta
Sin Etiquetas, Sea el primero en etiquetar este registro!
LEADER 01794nam a22003255a 4500
001 CEM.cems011439
005 20080229090735.0
008 130507s2004##################000#0#####d
003 CEMS
020 |a 9500108968 
082 0 4 |a Z570 
100 1 |a Berler, Valeria 
245 1 0 |a Ciencias naturales 8 /  |c Valeria Berler ... [et Al.] 
260 |a Buenos Aires :  |b Estrada,  |c 2004 
300 |a 288 p. 
490 0 |a Entender 
500 |a Para 8º año Egb 
505 0 |a El universo -- La estructura interna de la tierra -- La hidrósfera -- La atmósfera y el clima -- Las fuerzas en los gases y en los líquidos -- Electricidad y magnetismo -- Ondas -- Luz y sonido -- La estructura de la materia -- Las soluciones -- Compuestos inorgánicos y compuestos orgánicos -- Las reacciones químicas -- Los recursos energéticos -- Niveles de organización de los seres vivos -- La nutrición en los seres vivos -- Los ecosistemas -- La materia y la energía en los ecosistemas -- La recepción de los estímulos en el organismo humano -- Las funciones de control y respuesta a los estímulos -- La salud y la enfermedad 
653 |a Ciencias naturales 
653 |a Ciencias naturales-8º egb 
653 |a Biología 
700 1 |a Consoni, Silvia 
700 1 |a Landi, Cristina 
700 1 |a Lerena, Marisa 
859 |a CEMS  |b BIB. CEMS - 11 de abril  |h Z570  |i B455  |p 22379.04  |t Ej.1  |v 8º  |3 8º 
859 |a CEMS  |b BIB. CEMS - 11 de abril  |h Z570  |i B455  |p 22380.04  |t Ej.2  |v 8º  |3 8º 
859 |a CEMS  |b BIB. CEMS - 11 de abril  |h Z570  |i B455  |p 22398.04  |t Ej.3  |v 8º  |3 8º 
859 |a CEMS  |b BIB. CEMS - 11 de abril  |h Z570  |i B455  |p 22399.04  |t Ej.4  |v 8º  |3 8º 
859 |a CEMS  |b BIB. CEMS - 11 de abril  |h Z570  |i B455  |p 23227.05  |t Ej.5  |v 8º  |3 8º 
859 |a CEMS  |b BIB. CEMS - 11 de abril  |h Z570  |i B455  |p 23228.05  |t Ej.6  |v 8º  |3 8º